书目信息 |
| 题名: |
学前教育史
|
|
| 作者: | 汪冬梅 , 苏靖涵 , 李薇 主编 | |
| 分册: | ||
| 出版信息: | 上海 同济大学出版社 2018.07 |
|
| 页数: | 196页 | |
| 开本: | 28cm | |
| 丛书名: | ||
| 单 册: | ||
| 中图分类: | G619.1 | |
| 科图分类: | ||
| 主题词: | 学前教育--教育史--世界--高等职业教育--教材 | |
| 电子资源: | ||
| ISBN: | 978-7-5608-7952-9 | |
| 000 | 01051nam0 2200253 450 | |
| 001 | 0108153903 | |
| 005 | 20210308154401.0 | |
| 010 | @a978-7-5608-7952-9@dCNY42.00 | |
| 100 | @a20181031d2018 em y0chiy0110 ea | |
| 101 | 0 | @achi |
| 102 | @aCN@b310000 | |
| 105 | @ay z 000yy | |
| 106 | @ar | |
| 200 | 1 | @a学前教育史@Axue qian jiao yu shi@f汪冬梅, 苏靖涵, 李薇主编 |
| 210 | @a上海@c同济大学出版社@d2018.07@h2020.01 | |
| 215 | @a196页@d28cm | |
| 330 | @a本教材内容包括:中国古代学前教育、古代学前教育思想、晚清时期的学前教育、中华民国时期的学前教育、老解放区的学前教育、著名教育家的学前教育思想、中国当代学前教育、全面进行社会主义建设时期的学前教育、社会主义建设新时期的学前教育、古代东方的学前教育等。本书可作为职业院校学前专业的教学用书,也可供对其感兴趣的人员做参考用书。 | |
| 606 | 0 | @a学前教育@x教育史@x世界@x高等职业教育@j教材 |
| 690 | @aG619.1@v5 | |
| 701 | 0 | @a汪冬梅@Awang dong mei@4主编 |
| 701 | 0 | @a苏靖涵@Asu jing han@4主编 |
| 701 | 0 | @a李薇@Ali wei@4主编 |
| 801 | 0 | @aCN@bBJSZM@c20210308 |
| 905 | @b1271376-80@dG619.1@e1665@f5 | |
| 学前教育史/汪冬梅, 苏靖涵, 李薇主编.-上海:同济大学出版社,2018.07(2020.01) |
| 196页;28cm |
| ISBN 978-7-5608-7952-9:CNY42.00 |
| 本教材内容包括:中国古代学前教育、古代学前教育思想、晚清时期的学前教育、中华民国时期的学前教育、老解放区的学前教育、著名教育家的学前教育思想、中国当代学前教育、全面进行社会主义建设时期的学前教育、社会主义建设新时期的学前教育、古代东方的学前教育等。本书可作为职业院校学前专业的教学用书,也可供对其感兴趣的人员做参考用书。 |
| ● |
| 相关链接 |
|
|
|
|
正题名:学前教育史
索取号:G619.1/1665
 
预约/预借
| 序号 | 登录号 | 条形码 | 馆藏地/架位号 | 状态 | 备注 |
| 1 | 1271376 | 212713768 | 第一样本阅览室/ [索取号:G619.1/1665] | 在馆 | |
| 2 | 1271377 | 212713777 | 教育系资料室/ [索取号:G619.1/1665] | 在馆 | |
| 3 | 1271378 | 212713786 | 教育系资料室/ [索取号:G619.1/1665] | 在馆 | |
| 4 | 1271379 | 212713795 | 第四借阅区/ [索取号:G619.1/1665] | 在馆 |